NWLR (Record no. 41897)
[ view plain ]
| 000 -LEADER | |
|---|---|
| fixed length control field | 00268nam a2200121Ia 4500 |
| 050 ## - CALL MARK | |
| Classification number | KP 42 .N5/ |
| 100 ## - STATEMENT OF RESPONSIBILITY--MAIN AUTHOR NAME | |
| Personal name | Nigerian Weekly Law Report |
| 245 #0 - TITLE STATEMENT | |
| Title | NWLR |
| 260 ## - PUBLICATION, DISTRIBUTION, ETC. (IMPRINT) | |
| Year of publication | 1994 |
| 942 ## - ADDED ENTRY ELEMENTS (KOHA) | |
| Koha item type | Books |
| Withdrawn status | Lost status | Source of classification or shelving scheme | Damaged status | Not for loan | Permanent Location | Current Location | Shelving location | Date acquired | Accession Number | Price effective from | Koha item type |
|---|---|---|---|---|---|---|---|---|---|---|---|
| Library of Congress Classification | NILE UNIVERSITY OF NIGERIA - MAIN LIBRARY | NILE UNIVERSITY OF NIGERIA - MAIN LIBRARY | Items on shelf | 06/03/2025 | 0189462 | 06/03/2025 | Books |